Tikkana kaḷā sāmrājyamu, Sañjaya rāyabāramu. (Record no. 89198)
[ view plain ]
| 000 -LEADER | |
|---|---|
| fixed length control field | 00796cam a22002771 4500 |
| 001 - CONTROL NUMBER | |
| control field | sa 68020001 |
| 003 - CONTROL NUMBER IDENTIFIER | |
| control field | DLC |
| 005 - DATE AND TIME OF LATEST TRANSACTION | |
| control field | 20260227112721.0 |
| 008 - FIXED-LENGTH DATA ELEMENTS--GENERAL INFORMATION | |
| fixed length control field | 940711s1967 ii 000 0 telo |
| 010 ## - LIBRARY OF CONGRESS CONTROL NUMBER | |
| LC control number | sa 68020001 |
| 025 ## - OVERSEAS ACQUISITION NUMBER | |
| Overseas acquisition number | PL480:I-Te-1923 |
| 035 ## - SYSTEM CONTROL NUMBER | |
| System control number | (OCoLC)30748239 |
| 040 ## - CATALOGING SOURCE | |
| Original cataloging agency | DLC |
| Transcribing agency | CU |
| Modifying agency | CU |
| -- | DLC |
| 042 ## - AUTHENTICATION CODE | |
| Authentication code | premarc |
| 050 00 - LIBRARY OF CONGRESS CALL NUMBER | |
| Classification number | PK3642.U3 |
| Item number | V9 |
| 100 1# - MAIN ENTRY--PERSONAL NAME | |
| Personal name | Vyasamurty, Kaluri, |
| Dates associated with a name | 1906- |
| 245 10 - TITLE STATEMENT | |
| Title | Tikkana kaḷā sāmrājyamu, Sañjaya rāyabāramu. |
| 260 ## - PUBLICATION, DISTRIBUTION, ETC. | |
| Date of publication, distribution, etc. | [1967] |
| 300 ## - PHYSICAL DESCRIPTION | |
| Extent | 8, 166 p. |
| Dimensions | 18 cm. |
| 500 ## - GENERAL NOTE | |
| General note | In Telugu. |
| 500 ## - GENERAL NOTE | |
| General note | Includes selections from Tikkana's Udyogaparvamu. |
| 600 00 - SUBJECT ADDED ENTRY--PERSONAL NAME | |
| Personal name | Tikkana, |
| Dates associated with a name | 1220-1300. |
| Title of a work | Udyogaparvamu. |
| 630 00 - SUBJECT ADDED ENTRY--UNIFORM TITLE | |
| Uniform title | Mahābhārata. |
| 700 0# - ADDED ENTRY--PERSONAL NAME | |
| Personal name | Tikkana, |
| Dates associated with a name | 1220-1300. |
| Title of a work | Udyogaparvamu. |
| 740 0# - ADDED ENTRY--UNCONTROLLED RELATED/ANALYTICAL TITLE | |
| Uncontrolled related/analytical title | Sañjava rāyabāramu. |
No items available.